000 00291nam a22001217a 4500
003 SGT
082 _a618.1
_bP13B
100 _aBLUMENTHAL, PAUL D.
245 _aA PRACTICAL GUIDE TO OFFICE GYNECOLOGICAL PROCEDURES
260 _aINDIA
_bWOLTER
_c2013
300 _a185
942 _2ddc
_cBK
_01
999 _c14949
_d14949